[Event "Ïåðâåíñòâî Ìîñêâû 2017 Ä17"]
[Site ""]
[Date "2017.11.11"]
[Round "1.1"]
[White "Afanasieva, Alexandra"]
[Black "Shmidt, Kseniya"]
[Result "1/2-1/2"]
[WhiteElo "2103"]
[BlackElo "1511"]
[PlyCount "56"]
[EventDate "2017.11.11"]

1. e4 e5 2. Nf3 Nf6 3. Nxe5 d6 4. Nf3 Nxe4 5. Nc3 Nxc3 6. dxc3 Be7 7. Be3 Bg4
8. Qd2 Nd7 9. O-O-O Nf6 10. h3 Bh5 11. g4 Bg6 12. Bg2 Qd7 13. Rhe1 O-O-O 14.
Kb1 Kb8 15. Bxa7+ Kxa7 16. Qe3+ Kb8 17. Qxe7 Qa4 18. b3 Qa5 19. Qe3 Nd5 20.
Rxd5 Qxd5 21. Nh4 Qb5 22. c4 Qb4 23. Nxg6 fxg6 24. c3 Qa5 25. Qf3 Qb6 26. Ka1
Ka8 27. Kb1 Kb8 28. Ka1 Ka8 1/2-1/2

[Event "Ïåðâåíñòâî Ìîñêâû 2017 Ä17"]
[Site ""]
[Date "2017.11.11"]
[Round "1.3"]
[White "Badzgaradze, Elena"]
[Black "Ivanova, Maria"]
[Result "0-1"]
[WhiteElo "1902"]
[BlackElo "1514"]
[PlyCount "90"]
[EventDate "2017.11.11"]

1. d4 Nf6 2. c4 c5 3. d5 b5 4. Nc3 bxc4 5. e4 d6 6. Bxc4 g6 7. Nge2 Bg7 8. O-O
Nbd7 9. f4 Nb6 10. Bb3 c4 11. Bxc4 Nxc4 12. Qa4+ Bd7 13. Qxc4 Qb6+ 14. Kh1 Ng4
15. h3 Nf2+ 16. Kg1 Rc8 17. Qb3 Nxh3+ 18. Kh2 Nf2 19. Qxb6 Ng4+ 20. Kg1 axb6
21. Rd1 O-O 22. Nd4 Rc4 23. Nce2 Nf6 24. b3 Rc7 25. Ng3 Rfc8 26. Bb2 h5 27. Re1
Ng4 28. Rab1 b5 29. Nf1 Bxd4+ 30. Bxd4 Rc2 31. a3 Ra2 32. Ra1 Rcc2 33. Rxa2
Rxa2 34. Rc1 Kf8 35. Rc7 Ke8 36. Ra7 f6 37. Ra8+ Kf7 38. Ra7 Be8 39. Bb6 Re2
40. a4 bxa4 41. bxa4 Rxe4 42. a5 Bb5 43. Ne3 Nxe3 44. a6 Nxd5 45. Bd8 Ra4 0-1

[Event "Ïåðâåíñòâî Ìîñêâû 2017 Ä17"]
[Site ""]
[Date "2017.11.11"]
[Round "1.4"]
[White "Kozenets, Alla"]
[Black "Zaitseva, Lyudmila"]
[Result "0-1"]
[WhiteElo "1491"]
[BlackElo "1875"]
[PlyCount "58"]
[EventDate "2017.11.11"]

1. e4 c5 2. Nf3 g6 3. Nc3 Bg7 4. d4 cxd4 5. Nxd4 Nc6 6. Be3 Nf6 7. f3 O-O 8.
Qd2 d5 9. exd5 Nxd5 10. Nxd5 Qxd5 11. Nxc6 Qxc6 12. c4 Be6 13. Qb4 a5 14. Qb3
a4 15. Qa3 Bxc4 16. Rc1 b5 17. Bxc4 bxc4 18. Bc5 Bxb2 19. Qxb2 Qxc5 20. Qe2
Rfc8 21. Rf1 Ra6 22. Kd1 Re6 23. Qf2 Qf5 24. Rc2 Qd3+ 25. Kc1 Rb8 26. Rg1 Qa3+
27. Kd2 Rd6+ 28. Ke1 Rb1+ 29. Ke2 Qd3# 0-1

[Event "Ïåðâåíñòâî Ìîñêâû 2017 Ä17"]
[Site ""]
[Date "2017.11.11"]
[Round "1.5"]
[White "Girshgorn, Maria"]
[Black "Chapanidze, Julia"]
[Result "1-0"]
[WhiteElo "1848"]
[BlackElo "1406"]
[PlyCount "47"]
[EventDate "2017.11.11"]

1. d4 g6 2. Nf3 Nf6 3. g3 Bg7 4. Bg2 d6 5. O-O O-O 6. c4 Nc6 7. d5 Ne5 8. Nxe5
dxe5 9. Nc3 a6 10. e4 e6 11. Be3 exd5 12. cxd5 Nh5 13. Rc1 f5 14. exf5 Bxf5 15.
g4 Nf4 16. Bxf4 exf4 17. gxf5 Rxf5 18. Qf3 Qh4 19. Ne4 Bxb2 20. Rxc7 b5 21. d6
Rd8 22. Qb3+ Kf8 23. Qxb2 Ke8 24. Qh8+ 1-0

[Event "Ïåðâåíñòâî Ìîñêâû 2017 Ä17"]
[Site ""]
[Date "2017.11.11"]
[Round "1.6"]
[White "Nilova, Nadezhda"]
[Black "Granovskaya, Ekaterina"]
[Result "1-0"]
[WhiteElo "1318"]
[BlackElo "1823"]
[PlyCount "77"]
[EventDate "2017.11.11"]

1. e4 e5 2. f4 exf4 3. Nf3 h6 4. d4 g5 5. h4 Bg7 6. Nc3 d6 7. Qe2 Qe7 8. hxg5
hxg5 9. Rxh8 Bxh8 10. Qb5+ c6 11. Qxg5 Qxg5 12. Nxg5 Bxd4 13. Bxf4 f6 14. Nf3
Be5 15. Nxe5 dxe5 16. Bg3 Be6 17. O-O-O Nd7 18. Be2 O-O-O 19. Bh4 Nh6 20. Bf3
Rh8 21. Rd6 Re8 22. Bh5 Re7 23. Ne2 Kc7 24. Rd3 Rh7 25. Bf3 Ng4 26. Bg3 Nc5 27.
Rd1 Ne3 28. Re1 Ng4 29. Nd4 Bc8 30. Nf5 Bxf5 31. exf5 Rg7 32. Bh4 Kd7 33. Rh1
Ne3 34. Be4 Rg4 35. Bf3 Rc4 36. c3 Nxf5 37. Bf2 Ra4 38. a3 Nd6 39. Rh7+ {
íå ïîíÿòíî} 1-0

[Event "Ïåðâåíñòâî Ìîñêâû 2017 Ä17"]
[Site ""]
[Date "2017.11.11"]
[Round "1.7"]
[White "Minko, Olga"]
[Black "Panina, Sofya"]
[Result "1-0"]
[WhiteElo "1775"]
[BlackElo "1310"]
[PlyCount "63"]
[EventDate "2017.11.11"]

1. e4 e5 2. Nf3 Nc6 3. Nc3 Bb4 4. d4 d6 5. Bb5 Bd7 6. O-O Nge7 7. Ne2 O-O 8. c3
Ba5 9. Nd2 a6 10. Ba4 h6 11. f4 exd4 12. cxd4 d5 13. f5 dxe4 14. f6 Ng6 15.
Nxe4 Bg4 16. fxg7 Kxg7 17. Bxc6 Bxe2 18. Qxe2 bxc6 19. Ng3 Rh8 20. Nf5+ Kf8 21.
Nxh6 Rxh6 22. Bxh6+ Kg8 23. Qf2 Qe7 24. Qg3 Kh7 25. Bg5 Qd7 26. Qf3 Rf8 27.
Qh5+ Kg8 28. Bf6 Bd2 29. Rf3 Rb8 30. Rh3 Kf8 31. Qh8+ Nxh8 32. Rxh8# 1-0

[Event "Ïåðâåíñòâî Ìîñêâû 2017 Ä17"]
[Site ""]
[Date "2017.11.11"]
[Round "1.8"]
[White "Glukhova, Varvara"]
[Black "Ilyina, Lada"]
[Result "0-1"]
[WhiteElo "1391"]
[BlackElo "1736"]
[PlyCount "74"]
[EventDate "2017.11.11"]

1. d4 Nf6 2. Bf4 d6 3. Nf3 b6 4. Nbd2 Bb7 5. e3 g6 6. Bd3 Bg7 7. h3 O-O 8. c3
Re8 9. Bc2 Nbd7 10. O-O e6 11. Nb3 Qe7 12. Nfd2 e5 13. Bh2 e4 14. Re1 h5 15. f4
exf3 16. Nxf3 Bh6 17. Bf4 Qf8 18. Nbd2 Nd5 19. Bxh6 Qxh6 20. e4 Ne3 21. Qb1 Qf4
22. Kf2 Nxc2 23. Qxc2 g5 24. g3 Qf6 25. Ke2 Qf5 26. Kd1 Qxh3 27. Nxg5 Qg4+ 28.
Ngf3 Nf6 29. d5 Re7 30. Qd3 Rae8 31. Kc2 Nxe4 32. Nxe4 Rxe4 33. Rxe4 Qxe4 34.
Qxe4 Rxe4 35. Rd1 Re3 36. Rd3 Rxd3 37. Kxd3 Bxd5 0-1

[Event "Ïåðâåíñòâî Ìîñêâû 2017 Ä17"]
[Site ""]
[Date "2017.11.12"]
[Round "2.1"]
[White "Strukova, Ksenia"]
[Black "Minko, Olga"]
[Result "0-1"]
[WhiteElo "2052"]
[BlackElo "1775"]
[PlyCount "126"]
[EventDate "2017.11.11"]

1. e4 e5 2. Nf3 Nc6 3. Bc4 Nf6 4. d3 h6 5. c3 g6 6. O-O Bg7 7. d4 exd4 8. e5
Nh7 9. cxd4 O-O 10. Nc3 d6 11. Bf4 Bg4 12. exd6 cxd6 13. Be2 Bxf3 14. Bxf3 Nxd4
15. Bd5 Be5 16. Qg4 Kg7 17. Rad1 Nf6 18. Qg3 Nf5 19. Qf3 Qb6 20. Bxe5 dxe5 21.
Bxb7 Rab8 22. Be4 Nd4 23. Qe3 Qxb2 24. Kh1 Rfc8 25. Nd5 Nxd5 26. Bxd5 Nf5 27.
Qxa7 Rf8 28. Bb3 Qc3 29. Rc1 Qd4 30. Qc7 Rbc8 31. Qxc8 Rxc8 32. Rxc8 Nd6 33.
Rcc1 Ne4 34. Kg1 Nc3 35. Kh1 Ne2 36. Rcd1 Qg4 37. Bd5 Nc3 38. Bf3 Qe6 39. Rd2
e4 40. Re1 Qc4 41. Bd1 Nxa2 42. Rc2 Qb4 43. Rg1 Nc3 44. Bg4 f5 45. Rgc1 Nd5 46.
Be2 Qd4 47. Kg1 e3 48. f3 Qh4 49. g3 Qb4 50. Kf1 h5 51. Rc4 Qb8 52. Rd1 Nf6 53.
Rd3 Qb1+ 54. Rd1 Qb8 55. Rc5 h4 56. Rb5 Qc7 57. Rdb1 Kh6 58. Kg2 hxg3 59. Rb7
Qd6 60. R7b6 Qe5 61. R6b5 Qd4 62. R5b4 Qd8 63. hxg3 Nh5 {íå ïîíÿòíî} 0-1

[Event "Ïåðâåíñòâî Ìîñêâû 2017 Ä17"]
[Site ""]
[Date "2017.11.12"]
[Round "2.2"]
[White "Zaitseva, Lyudmila"]
[Black "Nilova, Nadezhda"]
[Result "1-0"]
[WhiteElo "1875"]
[BlackElo "1318"]
[PlyCount "60"]
[EventDate "2017.11.11"]

1. c4 e5 2. Nc3 Nf6 3. e4 c6 4. Nf3 d6 5. d4 exd4 6. Nxd4 Be7 7. Be2 O-O 8. O-O
h6 9. Be3 Nbd7 10. Qc2 Re8 11. h3 Nb6 12. Rad1 Be6 13. Nxe6 fxe6 14. c5 Nbd7
15. cxd6 Bf8 16. Qb3 b5 17. f4 g6 18. e5 Nd5 19. Nxd5 exd5 20. Qc2 Kg7 21. Qxc6
a6 22. Qxd5 Kh7 23. Qf7+ Bg7 24. Bd3 Nf8 25. Be4 Rc8 26. d7 Nxd7 27. Rxd7 Qxd7
28. Bxg6+ Kh8 29. Qxd7 Red8 30. Qe7 Rg8 1-0

[Event "Ïåðâåíñòâî Ìîñêâû 2017 Ä17"]
[Site ""]
[Date "2017.11.12"]
[Round "2.3"]
[White "Ilyina, Lada"]
[Black "Girshgorn, Maria"]
[Result "1/2-1/2"]
[WhiteElo "1736"]
[BlackElo "1849"]
[PlyCount "102"]
[EventDate "2017.11.11"]

1. e4 c6 2. d4 d5 3. e5 Bf5 4. h4 h5 5. Bd3 Bxd3 6. Qxd3 e6 7. Bg5 Qb6 8. Nd2
Ne7 9. Ngf3 Qa6 10. c4 dxc4 11. Nxc4 Nf5 12. O-O Nd7 13. Nfd2 Nb6 14. a3 Nxc4
15. Nxc4 Be7 16. Bxe7 Kxe7 17. Qc3 Rhd8 18. Rfd1 Kf8 19. g3 Rd7 20. Rd2 Rad8
21. Rad1 Qa4 22. b4 Qb5 23. Ne3 Nxe3 24. fxe3 Qd5 25. Qc5+ Qxc5 26. bxc5 f6 27.
exf6 gxf6 28. Rf1 Ke7 29. Rdf2 Rf8 30. a4 Rf7 31. Kg2 Rd5 32. Kf3 Rg7 33. Kg2
Rf7 34. Rb2 Kd8 35. Rfb1 Kc8 36. a5 a6 37. Rf1 e5 38. Rb4 exd4 39. exd4 f5 40.
Rf4 Re7 41. Kf2 Red7 42. Ke3 Re7+ 43. Kf2 Red7 44. Ke3 Kd8 45. Rb1 Rg7 46. Kf3
Rgd7 47. Ke3 Ke7 48. Rb4 Kf6 49. Rb1 Re7+ 50. Kd3 Rg7 51. Rg1 Rgd7 1/2-1/2

[Event "Ïåðâåíñòâî Ìîñêâû 2017 Ä17"]
[Site ""]
[Date "2017.11.12"]
[Round "2.4"]
[White "Ivanova, Maria"]
[Black "Afanasieva, Alexandra"]
[Result "0-1"]
[WhiteElo "1514"]
[BlackElo "2103"]
[PlyCount "204"]
[EventDate "2017.11.11"]

1. e4 c5 2. Nf3 Nc6 3. d4 cxd4 4. Nxd4 Nf6 5. Nc3 d6 6. Be2 g6 7. Nb3 Bg7 8.
O-O O-O 9. Re1 a6 10. Bf1 b5 11. Nd5 Bb7 12. c3 Rc8 13. Bg5 Nd7 14. Qd2 Re8 15.
Bh6 Nc5 16. Bxg7 Kxg7 17. Nxc5 dxc5 18. Rad1 e6 19. Nf4 Qxd2 20. Rxd2 Red8 21.
Red1 Rxd2 22. Rxd2 Ne5 23. f3 g5 24. Nh5+ Kg6 25. Ng3 h5 26. Be2 h4 27. Nf1 Kf6
28. Kf2 Ke7 29. Ne3 Ng6 30. Bf1 Rd8 31. Rxd8 Kxd8 32. g3 Ke7 33. Ke2 Kd6 34.
Ng4 hxg3 35. hxg3 f5 36. exf5 exf5 37. Nf2 c4 38. Nh3 f4 39. gxf4 gxf4 40. Kf2
Ke5 41. Be2 Kf5 42. b3 Ne5 43. bxc4 bxc4 44. Ng1 Bd5 45. a3 Nf7 46. Bd1 Ne5 47.
Bc2+ Kf6 48. Bb1 Nd3+ 49. Ke2 Nc1+ 50. Kf2 Nb3 51. Ne2 Ke5 52. Bc2 Bb7 53. Ng1
Nc1 54. Bb1 Bc8 55. Ne2 Nd3+ 56. Kg1 Bb7 57. Nd4 Nb2 58. Bc2 Nd3 59. Bb1 Bd5
60. Kf1 Bf7 61. Kg2 Be8 62. Kf1 Nb2 63. Bc2 Nd3 64. Ke2 Bg6 65. Kf1 Kd5 66. Ne2
Ke5 67. Nd4 Kf6 68. Ne2 Kg5 69. Nd4 Bh5 70. Ke2 Bg6 71. Kf1 Kh4 72. Ne2 Kg5 73.
Nd4 Bf7 74. Ke2 Ne5 75. Kf2 Bd5 76. Bb1 Nd3+ 77. Ke2 Nc1+ 78. Kf2 Nb3 79. Bc2
Nxd4 80. cxd4 Kh4 81. Bf5 c3 82. Bc2 a5 83. Ke2 Bc4+ 84. Kd1 Bd5 85. Ke2 Kg3
86. Kd3 Kxf3 87. Kxc3 Ke2 88. Bf5 Kd1 89. Kb2 Kd2 90. Bg4 Kd3 91. Bh5 Kxd4 92.
Bg4 Ke3 93. Bh5 Bf3 94. Bf7 Bg4 95. Bd5 Bf5 96. Kc1 Be4 97. Bc4 f3 98. Bf1 f2
99. Kd1 Bd3 100. Bg2 Kf4 101. Kd2 Kg3 102. a4 Kxg2 0-1

[Event "Ïåðâåíñòâî Ìîñêâû 2017 Ä17"]
[Site ""]
[Date "2017.11.12"]
[Round "2.5"]
[White "Shmidt, Kseniya"]
[Black "Badzgaradze, Elena"]
[Result "0-1"]
[WhiteElo "1511"]
[BlackElo "1902"]
[PlyCount "98"]
[EventDate "2017.11.11"]

1. d4 Nf6 2. c4 e6 3. Nf3 b6 4. a3 Bb7 5. Nc3 Be7 6. d5 d6 7. e4 e5 8. Bd3 O-O
9. O-O a5 10. h3 Bc8 11. Be3 Ne8 12. Nd2 f5 13. exf5 Bxf5 14. Bxf5 Rxf5 15.
Nde4 Nd7 16. Qg4 g6 17. Ng3 Rf8 18. Nce4 Ng7 19. Bh6 Nf6 20. Qe2 Nxe4 21. Nxe4
Qd7 22. Rac1 Rf7 23. Bxg7 Kxg7 24. Qe3 Raf8 25. Ng5 Bxg5 26. Qxg5 h6 27. Qg3
Rf4 28. b4 axb4 29. axb4 g5 30. f3 Ra8 31. Qe1 Ra2 32. Rf2 Qa4 33. Rxa2 Qxa2
34. Qc3 Rd4 35. Rc2 Rd1+ 36. Kh2 Qb1 37. Kg3 Kf6 38. Kh2 h5 39. Kg3 h4+ 40. Kf2
Rf1+ 41. Ke3 Re1+ 42. Kf2 Rf1+ 43. Ke3 Qd1 44. Re2 Qb1 45. Rc2 Re1+ 46. Kf2 Rg1
47. Ke3 Qf1 48. Qd2 Qa1 49. Qd1 Qxd1 0-1

[Event "Ïåðâåíñòâî Ìîñêâû 2017 Ä17"]
[Site ""]
[Date "2017.11.12"]
[Round "2.6"]
[White "Granovskaya, Ekaterina"]
[Black "Glukhova, Varvara"]
[Result "1-0"]
[WhiteElo "1823"]
[BlackElo "1391"]
[PlyCount "83"]
[EventDate "2017.11.11"]

1. e4 e6 2. d4 d5 3. Nd2 dxe4 4. Nxe4 Bd7 5. Nf3 Bc6 6. Bd3 Nd7 7. O-O Ngf6 8.
Re1 Nxe4 9. Bxe4 Bxe4 10. Rxe4 Nf6 11. Re1 c6 12. Bg5 Be7 13. c4 O-O 14. Qc2
Rc8 15. Rad1 h6 16. Bd2 Qc7 17. a3 b5 18. Ne5 Nd7 19. Bf4 Nxe5 20. dxe5 Bc5 21.
b4 Be7 22. Rd3 g5 23. Rg3 Kh8 24. Bc1 Rg8 25. Rh3 Kg7 26. f4 g4 27. Rh5 Rh8 28.
f5 Bf8 29. f6+ Kg8 30. Qe4 Rh7 31. Qxg4+ Kh8 32. c5 Rd8 33. Qh4 Qd7 34. Bxh6
Bxh6 35. Rxh6 Qd4+ 36. Qxd4 Rxd4 37. Rxh7+ Kxh7 38. Re3 Rd1+ 39. Kf2 Rd2+ 40.
Kf3 Rd1 41. Ke2 Rg1 42. Rg3 1-0

[Event "Ïåðâåíñòâî Ìîñêâû 2017 Ä17"]
[Site ""]
[Date "2017.11.12"]
[Round "2.7"]
[White "Chapanidze, Julia"]
[Black "Kozenets, Alla"]
[Result "1/2-1/2"]
[WhiteElo "1406"]
[BlackElo "1491"]
[PlyCount "50"]
[EventDate "2017.11.11"]

1. e4 c5 2. d4 cxd4 3. c3 dxc3 4. Nxc3 Nc6 5. Nf3 e6 6. Bf4 a6 7. Bd3 Bc5 8.
O-O Nge7 9. e5 Ng6 10. Bxg6 hxg6 11. Ne4 Be7 12. Nd6+ Bxd6 13. Qxd6 Qe7 14.
Rfd1 Qxd6 15. Rxd6 Nb4 16. Rdd1 Nd5 17. g3 b6 18. Nd2 Bb7 19. Nc4 Bc6 20. f3
Ke7 21. Be3 Rab8 22. a4 f6 23. a5 b5 24. Bc5+ Kf7 25. Nd6+ Kg8 {íå ïîíÿòíî}
1/2-1/2

[Event "Ïåðâåíñòâî Ìîñêâû 2017 Ä17"]
[Site ""]
[Date "2017.11.13"]
[Round "3.1"]
[White "Minko, Olga"]
[Black "Zaitseva, Lyudmila"]
[Result "0-1"]
[WhiteElo "1775"]
[BlackElo "1875"]
[PlyCount "78"]
[EventDate "2017.11.11"]

1. e4 e6 2. d4 d5 3. Nc3 Nf6 4. e5 Nfd7 5. Nce2 c5 6. c3 Nc6 7. Nf3 Qb6 8. a3
Be7 9. b4 cxd4 10. cxd4 a5 11. Qa4 Qc7 12. b5 Na7 13. Bd2 Nb6 14. Qxa5 Bd7 15.
Rc1 Qd8 16. Bb4 Nxb5 17. Bxe7 Rxa5 18. Bxd8 Kxd8 19. Rb1 Nc4 20. Nc1 Bc6 21.
Rb4 Nbxa3 22. Bd3 Kc7 23. Ng5 h6 24. Nxf7 Rf8 25. Nd6 Nxd6 26. exd6+ Kxd6 27.
Ne2 Bb5 28. Rb3 Bxd3 29. Rxd3 Nc2+ 30. Kd2 Rxf2 31. Kxc2 Rxe2+ 32. Kb3 Rb5+ 33.
Ka4 Rb6 34. Ka3 Rxg2 35. Rb3 Ra6+ 36. Kb4 Rc2 37. Kb5 Kc7 38. Rb4 Rcc6 39. Rhb1
Kd6 0-1

[Event "Ïåðâåíñòâî Ìîñêâû 2017 Ä17"]
[Site ""]
[Date "2017.11.13"]
[Round "3.2"]
[White "Afanasieva, Alexandra"]
[Black "Ilyina, Lada"]
[Result "1-0"]
[WhiteElo "2103"]
[BlackElo "1736"]
[PlyCount "99"]
[EventDate "2017.11.11"]

1. e4 g6 2. d4 Bg7 3. Nc3 d6 4. Nge2 Nf6 5. g3 Nbd7 6. Bg2 e5 7. O-O O-O 8. h3
b6 9. Be3 h6 10. f4 Bb7 11. d5 Qe7 12. Qd2 Kh7 13. f5 g5 14. g4 c6 15. dxc6
Bxc6 16. Rad1 Nc5 17. Qxd6 Qxd6 18. Rxd6 Bxe4 19. Bxc5 Bxg2 20. Kxg2 bxc5 21.
Ng3 Rfd8 22. Rfd1 Rxd6 23. Rxd6 Rb8 24. b3 Rb4 25. Nd5 Nxd5 26. Rxd5 c4 27. Rd7
c3 28. Rxf7 Kg8 29. Rc7 e4 30. Ne2 a5 31. a3 Rb8 32. Nxc3 Re8 33. Rc4 e3 34.
Ne4 Bb2 35. Kf3 e2 36. Kxe2 Bxa3 37. Kf3 Kf8 38. Rc6 Kg7 39. Rg6+ Kf8 40. Rxh6
Kg7 41. Rg6+ Kf8 42. Nxg5 Rc8 43. Ne6+ Ke7 44. c4 Rb8 45. Nd4 Rh8 46. Nc6+ Kf8
47. Kg3 Kf7 48. Ne5+ Ke8 49. Re6+ Be7 50. f6 1-0

[Event "Ïåðâåíñòâî Ìîñêâû 2017 Ä17"]
[Site ""]
[Date "2017.11.13"]
[Round "3.3"]
[White "Girshgorn, Maria"]
[Black "Strukova, Ksenia"]
[Result "1-0"]
[WhiteElo "1848"]
[BlackElo "2052"]
[PlyCount "139"]
[EventDate "2017.11.11"]

1. d4 Nf6 2. Nf3 g6 3. g3 Bg7 4. Bg2 O-O 5. O-O d6 6. c4 c6 7. Nc3 Qb6 8. e4
Bg4 9. h3 Bxf3 10. Bxf3 e5 11. dxe5 dxe5 12. Be3 Qc7 13. c5 Na6 14. Qe2 Qe7 15.
Qc4 Nd7 16. b4 Kh8 17. g4 Qe6 18. Qxe6 fxe6 19. Rad1 Rad8 20. Be2 Nxb4 21. Rd2
Nb8 22. Rb2 a5 23. a3 Nd3 24. Rxb7 Nf4 25. h4 Rd4 26. Rfb1 Nd7 27. Bxd4 exd4
28. Rxd7 dxc3 29. Bf1 Be5 30. a4 Rb8 31. Rxb8+ Bxb8 32. Rd1 Kg7 33. Rc1 Be5 34.
Ba6 Bd4 35. Kf1 e5 36. f3 Ne6 37. Ke2 Nxc5 38. Bc4 Nxa4 39. Ra1 Nb6 40. Bb3 c2
41. Rc1 a4 42. Ba2 a3 43. Rxc2 Na4 44. Kd2 c5 45. Rc1 Nb2 46. Ke2 c4 47. Kd2
c3+ 48. Kc2 Be3 49. Ra1 Bd4 50. Bb3 h5 51. Rxa3 hxg4 52. fxg4 Bc5 53. Ra1 Bf2
54. Rb1 Bd4 55. Rf1 Bc5 56. Kxc3 Bd4+ 57. Kc2 Kh8 58. Rf7 Kg8 59. Rd7+ Kf8 60.
Rxd4 exd4 61. Kd2 Ke7 62. Kc2 Kf6 63. Kxb2 Ke7 64. Kc2 Kf6 65. Kd3 Ke5 66. h5
gxh5 67. gxh5 Kf6 68. Kxd4 Kg5 69. e5 Kxh5 70. e6 1-0

[Event "Ïåðâåíñòâî Ìîñêâû 2017 Ä17"]
[Site ""]
[Date "2017.11.13"]
[Round "3.4"]
[White "Badzgaradze, Elena"]
[Black "Granovskaya, Ekaterina"]
[Result "1-0"]
[WhiteElo "1902"]
[BlackElo "1823"]
[PlyCount "55"]
[EventDate "2017.11.11"]

1. d4 d5 2. c4 dxc4 3. Nc3 a6 4. a4 Nc6 5. Nf3 e6 6. e3 Na5 7. Ne5 c5 8. dxc5
Qxd1+ 9. Kxd1 Bxc5 10. Nxc4 Nxc4 11. Bxc4 Nf6 12. Ke2 Bd7 13. f3 O-O 14. Rd1
Rfc8 15. Bb3 Bc6 16. e4 Nd7 17. Be3 Bb4 18. Na2 Ba5 19. Rdc1 b5 20. Nc3 Ne5 21.
Bd4 Ng6 22. g3 Rab8 23. axb5 Bxc3 24. Bxc3 Bxb5+ 25. Ke3 Ne7 26. Be5 Ra8 27.
Ba4 Bxa4 28. Rxa4 {íå ïîíÿòíî} 1-0

[Event "Ïåðâåíñòâî Ìîñêâû 2017 Ä17"]
[Site ""]
[Date "2017.11.13"]
[Round "3.5"]
[White "Panina, Sofya"]
[Black "Ivanova, Maria"]
[Result "0-1"]
[WhiteElo "1310"]
[BlackElo "1514"]
[PlyCount "136"]
[EventDate "2017.11.11"]

1. d4 d5 2. c4 e5 3. e3 dxc4 4. Bxc4 exd4 5. Qxd4 Qxd4 6. exd4 Nf6 7. f3 Nc6 8.
Ne2 Bb4+ 9. Bd2 O-O 10. Nbc3 Bf5 11. Rd1 Na5 12. Bd5 c6 13. Be4 Nxe4 14. fxe4
Bg6 15. b3 Rfe8 16. e5 b6 17. Nf4 Bf5 18. h3 f6 19. g4 fxe5 20. gxf5 exf4+ 21.
Kf2 Rad8 22. Nb1 Bxd2 23. Rxd2 Rd5 24. f6 gxf6 25. Kf3 Red8 26. Rhd1 Rh5 27.
Kxf4 Rxh3 28. Kg4 Re3 29. Kf4 Re6 30. Kf5 Kf7 31. d5 Re5+ 32. Kf4 Rdxd5 33.
Rxd5 Rxd5 34. Rh1 Kg7 35. Nc3 Rg5 36. Ne4 Rg6 37. Nd6 c5 38. Kf5 Rg5+ 39. Ke6
Re5+ 40. Kd7 h5 41. Ne8+ Kf7 42. Nd6+ Kf8 43. Rf1 Re7+ 44. Kc8 Nc6 45. Rxf6+
Kg7 46. Rf1 Kg8 47. Rh1 Rh7 48. Ne4 Kg7 49. Rg1+ Kf8 50. Nf6 Rh6 51. Nd7+ Ke7
52. Rg7+ Kd6 53. Kb7 h4 54. Nf8 h3 55. Rd7+ Ke5 56. Rd1 h2 57. Rh1 Ne7 58. Kxa7
Nf5 59. a4 Ng3 60. Rxh2 Rxh2 61. Kxb6 Ne4 62. Nd7+ Kd6 63. Nb8 Rb2 64. a5 Rxb3+
65. Ka7 c4 66. Ka8 Rxb8+ 67. Kxb8 Nc5 68. Ka7 c3 0-1

[Event "Ïåðâåíñòâî Ìîñêâû 2017 Ä17"]
[Site ""]
[Date "2017.11.13"]
[Round "3.6"]
[White "Nilova, Nadezhda"]
[Black "Chapanidze, Julia"]
[Result "0-1"]
[WhiteElo "1318"]
[BlackElo "1406"]
[PlyCount "42"]
[EventDate "2017.11.11"]

1. e4 c5 2. Nf3 Nc6 3. c3 e6 4. d4 d5 5. e5 Nh6 6. Bb5 Qb6 7. Ba4 Bd7 8. O-O
cxd4 9. cxd4 Nf5 10. Bxc6 bxc6 11. b3 c5 12. Bb2 Be7 13. Bc3 O-O 14. Qd2 a5 15.
Qb2 a4 16. Rd1 Rfb8 17. Nbd2 a3 18. Qc1 cxd4 19. Nxd4 Nxd4 20. Nf3 Ne2+ 21. Kh1
Nxc1 0-1

[Event "Ïåðâåíñòâî Ìîñêâû 2017 Ä17"]
[Site ""]
[Date "2017.11.13"]
[Round "3.8"]
[White "Glukhova, Varvara"]
[Black "Obukhova, Yana"]
[Result "1-0"]
[WhiteElo "1391"]
[BlackElo "1471"]
[PlyCount "74"]
[EventDate "2017.11.11"]

1. d4 d5 2. c4 e6 3. cxd5 exd5 4. Bf4 Nf6 5. a3 Bd6 6. Bxd6 Qxd6 7. Nc3 c6 8.
e3 Bf5 9. Bd3 Bxd3 10. Qxd3 O-O 11. Nge2 Re8 12. Qf5 Qe6 13. Qxe6 fxe6 14. f4
Nbd7 15. h3 h6 16. Kd2 a6 17. g4 c5 18. g5 Nh5 19. Rag1 Rf8 20. Rf1 g6 21. Rhg1
Ng7 22. Ng3 Nf5 23. Nxf5 Rxf5 24. Ne2 Kg7 25. h4 h5 26. Rc1 Rff8 27. Rc2 Rac8
28. Rgc1 Rc7 29. b3 Rfc8 30. Kd1 Kf7 31. Kd2 a5 32. a4 Nb8 33. Nc3 cxd4 34.
exd4 Ke7 35. Nxd5+ exd5 36. Rxc7+ Rxc7 37. Rxc7+ Nd7 {íå ïîÿíòíî} 1-0

[Event "Ïåðâåíñòâî Ìîñêâû "]
[Site "ÐœÐ¾Ñ�ÐºÐ²Ð°"]
[Date "2017.11.14"]
[Round "4.1"]
[White "Zaitseva, Lyudmila"]
[Black "Girshgorn, Maria"]
[Result "0-1"]
[WhiteElo "1875"]
[BlackElo "1848"]
[PlyCount "50"]
[EventDate "2017.11.11"]

1. d4 Nf6 2. c4 e6 3. Nf3 Bb4+ 4. Bd2 Bxd2+ 5. Qxd2 b6 6. g3 Bb7 7. Bg2 O-O 8.
Nc3 Ne4 9. Nxe4 Bxe4 10. O-O d6 11. Rfd1 Nd7 12. Qe3 d5 13. Rac1 Nf6 14. cxd5
Qxd5 15. b3 Rac8 16. Qf4 c6 17. Ne1 Bxg2 18. Nxg2 Rfd8 19. f3 Qa5 20. Rc2 c5
21. Qc1 Rd7 22. Ne3 Rcd8 23. dxc5 Rxd1+ 24. Nxd1 Qe1+ 25. Kg2 Rxd1 0-1

[Event "Ïåðâåíñòâî Ìîñêâû "]
[Site "ÐœÐ¾Ñ�ÐºÐ²Ð°"]
[Date "2017.11.14"]
[Round "4.2"]
[White "Badzgaradze, Elena"]
[Black "Afanasieva, Alexandra"]
[Result "1-0"]
[WhiteElo "1902"]
[BlackElo "2103"]
[PlyCount "77"]
[EventDate "2017.11.11"]

1. d4 Nf6 2. c4 e6 3. g3 d5 4. Nf3 Bb4+ 5. Bd2 Be7 6. Bg2 O-O 7. O-O Nbd7 8.
Qc2 c6 9. b3 b6 10. Rd1 Ba6 11. a4 Rc8 12. a5 b5 13. c5 e5 14. Nxe5 Nxe5 15.
dxe5 Nd7 16. b4 Nxe5 17. Bc3 Qc7 18. e4 dxe4 19. Bxe4 h6 20. Nd2 Bf6 21. Nf3
Nxf3+ 22. Bxf3 Bxc3 23. Qxc3 Rcd8 24. Rd3 Rxd3 25. Qxd3 Rd8 26. Qe4 Bb7 27. Re1
g6 28. Qe7 Rd7 29. Qf6 Qd8 30. Qxd8+ Rxd8 31. Re7 Bc8 32. Bxc6 Kg7 33. Kg2 Be6
34. Rxa7 Rd4 35. Rc7 Bd5+ 36. Bxd5 Rxd5 37. Rb7 Kf6 38. Rxb5 Ke5 39. c6 1-0

[Event "Ïåðâåíñòâî Ìîñêâû "]
[Site "ÐœÐ¾Ñ�ÐºÐ²Ð°"]
[Date "2017.11.14"]
[Round "4.3"]
[White "Ivanova, Maria"]
[Black "Minko, Olga"]
[Result "0-1"]
[WhiteElo "1514"]
[BlackElo "1775"]
[PlyCount "58"]
[EventDate "2017.11.11"]

1. d4 d5 2. Nf3 Nf6 3. e3 e6 4. Bd3 c5 5. b3 a6 6. a4 Qa5+ 7. Bd2 Qc7 8. Ne5
Nbd7 9. f4 b6 10. Bc3 Bb7 11. Bb2 Ne4 12. Nd2 Ndf6 13. Ndf3 c4 14. Bxe4 Nxe4
15. c3 Be7 16. O-O O-O 17. bxc4 dxc4 18. Nd2 b5 19. Nxe4 Bxe4 20. axb5 Rfb8 21.
Ba3 Bxa3 22. Rxa3 Rxb5 23. Qd2 a5 24. Rfa1 Rab8 25. R3a2 f6 26. Nf3 Qa7 27. Qd1
Rb1 28. Rxb1 Rxb1 29. Qxb1 Bxb1 0-1

[Event "Ïåðâåíñòâî Ìîñêâû "]
[Site "ÐœÐ¾Ñ�ÐºÐ²Ð°"]
[Date "2017.11.14"]
[Round "4.4"]
[White "Ilyina, Lada"]
[Black "Shmidt, Kseniya"]
[Result "1-0"]
[WhiteElo "1736"]
[BlackElo "1511"]
[PlyCount "77"]
[EventDate "2017.11.11"]

1. e4 c5 2. Nf3 Nc6 3. Bb5 g6 4. Bxc6 dxc6 5. O-O Bg7 6. Re1 Nf6 7. e5 Nd5 8.
d4 cxd4 9. Qxd4 O-O 10. Nc3 Nxc3 11. Qxc3 Be6 12. Bg5 Qc7 13. Qb4 c5 14. Qh4
Rfe8 15. Bh6 f6 16. Bxg7 Kxg7 17. g4 Bd5 18. Qg3 Qc6 19. Nh4 Rad8 20. Re3 Be4
21. c4 Rd2 22. Rae1 Bc2 23. exf6+ Qxf6 24. Re5 Rd3 25. f3 Qd6 26. Qf2 Bd1 27.
Qxc5 Qxc5+ 28. Rxc5 Bxf3 29. Nxf3 Rxf3 30. Rc7 Rf4 31. h3 Kf6 32. b3 Rf3 33.
Kg2 Rd3 34. Re2 b6 35. Rxa7 e5 36. Rxh7 e4 37. h4 e3 38. Kf3 g5 39. Rh6+ 1-0

[Event "Ïåðâåíñòâî Ìîñêâû "]
[Site "ÐœÐ¾Ñ�ÐºÐ²Ð°"]
[Date "2017.11.14"]
[Round "4.5"]
[White "Chapanidze, Julia"]
[Black "Glukhova, Varvara"]
[Result "1/2-1/2"]
[WhiteElo "1406"]
[BlackElo "1391"]
[PlyCount "60"]
[EventDate "2017.11.11"]

1. e4 e6 2. d4 d5 3. e5 c5 4. c3 Qb6 5. Nf3 Nc6 6. Bd3 cxd4 7. cxd4 Bb4+ 8. Nc3
Bd7 9. Bc2 Qa6 10. a3 Bxc3+ 11. bxc3 b6 12. Bd3 Qc8 13. Qc2 h6 14. O-O Nge7 15.
a4 Qc7 16. Ba3 Nf5 17. Bxf5 exf5 18. Bd6 Qd8 19. Rfe1 Be6 20. Qd3 g5 21. Qb5
Qd7 22. Nd2 Na5 23. Rac1 Qxb5 24. axb5 Rc8 25. Re3 f4 26. Rd3 Bf5 27. Rf3 Bg4
28. Rd3 Bf5 29. Rf3 Bg4 30. Rd3 Bf5 1/2-1/2